| 000 | 00554nam a2200205Ia 4500 | ||
|---|---|---|---|
| 003 | OSt | ||
| 005 | 20220926044816.0 | ||
| 006 | a|||||r|||| 00| 0 | ||
| 007 | ta | ||
| 008 | 220923b |||||||| |||| 00| 0 eng d | ||
| 037 | _cGeneral Book | ||
| 040 |
_aRTL _cRTL _beng |
||
| 041 |
_2eng _aeng |
||
| 082 | _aV44Q743,6.M59<--M53, A | ||
| 245 | 0 | _aACCOUNT OF the Kurachee Municipality, 1853-1859 | |
| 260 | _c1870 | ||
| 650 | _aFreedom Struggle History | ||
| 942 |
_hV44Q743,6.M59<--M53, A _cGB _2CC |
||
| 999 |
_c675869 _d675869 |
||